000
00274 a2200121 4500
001
3041
082
_a
629.1354 PAL
090
_c
2326
_d
2326
100
_a
Pallett, E.H.J.
245
_a
Aircraft Electrical systems
260
_a
NY
_b
John wiley
_c
1994
300
_a
231 p.
942
_a
NUST-CAE
_k
629.1354 PAL
999
_c
238114
_d
238114